[Event "Basarrate Memorial"]
[Site "Havana"]
[Date "2009.11.16"]
[Round "9"]
[White "Bueno Fortuna, Francisco"]
[Black "Diaz Rosario, Roberto Santiago"]
[Result "0-1"]
[WhiteElo "2222"]
[BlackElo "2225"]
[PlyCount "86"]
[EventDate "2009.11.08"]
[EventType "tourn"]
[EventRounds "18"]
[EventCountry "CUB"]
[SourceTitle "EXT 2011"]
[Source "ChessBase"]
[SourceDate "2010.11.26"]
[SourceVersion "1"]
[SourceVersionDate "2010.11.26"]
[SourceQuality "1"]

1. e4 e5 2. Nf3 Nc6 3. Bb5 a6 4. Ba4 Nf6 5. 0-0 d6 6. d4 b5 7. Bb3 Nxd4 8. Nxd4 exd4 9. c3 Bb7 10. cxd4 Bxe4 11. Re1 Be7 12. Bg5 Bb7 13. Bxf6 gxf6 14. Nc3 Qd7 15. Nd5 Bxd5 16. Bxd5 c6 17. Bb3 d5 18. Qf3 0-0-0 19. Re2 f5 20. Rc1 Kb7 21. Qc3 Bf6 22. Rec2 Rc8 23. a4 c5 24. Qg3 Bxd4 25. axb5 axb5 26. Qf3 Rhd8 27. Rd2 Ra8 28. Bc2 Bxb2 29. Rb1 Ra1 30. Bxf5 Rxb1+ 31. Bxb1 Qe6 32. Re2 Be5 33. Qh5 f6 34. Qxh7+ Qd7 35. Qf5 Qxf5 36. Bxf5 c4 37. g3 d4 38. f4 d3 39. Re1 Bd4+ 40. Kg2 b4 41. Rb1 Bc5 42. Kf3 c3 43. Rc1 d2 0-1

[Event "Basarrate Memorial"]
[Site "Havana"]
[Date "2009.11.12"]
[Round "5"]
[White "Alarcon Casellas, Rolando"]
[Black "Bueno Fortuna, Francisco"]
[Result "1-0"]
[WhiteElo "2399"]
[BlackElo "2222"]
[PlyCount "45"]
[EventDate "2009.11.08"]
[EventType "tourn"]
[EventRounds "18"]
[EventCountry "CUB"]
[SourceTitle "EXT 2011"]
[Source "ChessBase"]
[SourceDate "2010.11.26"]
[SourceVersion "1"]
[SourceVersionDate "2010.11.26"]
[SourceQuality "1"]

1. d4 d5 2. c4 e6 3. Nc3 c6 4. e4 dxe4 5. Nxe4 Bb4+ 6. Bd2 Qxd4 7. Bxb4 Qxe4+ 8. Be2 Na6 9. Bc3 Ne7 10. Bxg7 Rg8 11. Bf6 Rg6 12. Bc3 Qxg2 13. Qd2 Qxh1 14. 0-0-0 Nd5 15. Nf3 Qg2 16. cxd5 cxd5 17. Ne5 Nc5 18. Nxg6 hxg6 19. Qd4 b6 20. Qh8+ Kd7 21. Bb5+ Kc7 22. Be5+ Kb7 23. Qd8 1-0